Communications in statistics / Simulation and computation
| Tipo de documento: | Electrónico Revista |
|---|---|
| Lenguaje: | Inglés |
| Publicado: |
London
Taylor & Francis
2001-
New York, NY Dekker -2004 |
| En: | Año: 2001 |
| Acceso en línea: |
Volltext (Deutschlandweit zugänglich) Volltext (Frontdoor-Url) Volltext (Publisher) |
| Verificar disponibilidad: | HBZ Gateway |
| Servicio de pedido Subito: | Pedir ahora. |
| Volúmenes / Artículos: | Mostrar volumes / artículos. |
| Palabras clave: |
MARC
| LEADER | 00000cas a2200000 c 4500 | ||
|---|---|---|---|
| 001 | 270131140 | ||
| 003 | DE-627 | ||
| 005 | 20240417071102.0 | ||
| 007 | cr ||||||||||| | ||
| 008 | 990610c20019999xxkz| p|o 0 |0eng c | ||
| 016 | 7 | |a 01969895X |2 DE-101 | |
| 016 | 7 | |a 1476872-0 |2 DE-600 | |
| 022 | |a 1532-4141 | ||
| 030 | |a CSSCDB | ||
| 035 | |a (DE-627)270131140 | ||
| 035 | |a (DE-576)104344687 | ||
| 035 | |a (DE-599)ZDB1476872-0 | ||
| 035 | |a (OCoLC)1368116483 | ||
| 040 | |a DE-627 |b ger |c DE-627 |e rakwb | ||
| 041 | |a eng | ||
| 044 | |c XA-GB | ||
| 082 | 0 | 4 | |a 510 |q DE-600 |
| 084 | |a 31.73 |2 bkl | ||
| 245 | 0 | 0 | |a Communications in statistics |p Simulation and computation |
| 246 | 1 | |i Abweichender Titel |a Communications in statistics / Simulation and computation | |
| 246 | 3 | 3 | |a Simulation and computation |
| 264 | 3 | 1 | |a London |b Taylor & Francis |c 2001- |
| 264 | 2 | 1 | |a New York, NY |b Dekker |c -2004 |
| 300 | |a Online-Ressource | ||
| 336 | |a Text |b txt |2 rdacontent | ||
| 337 | |a Computermedien |b c |2 rdamedia | ||
| 338 | |a Online-Ressource |b cr |2 rdacarrier | ||
| 362 | 0 | |a 11.1982 - | |
| 363 | 0 | 1 | |a 11 |i 1982 |
| 500 | |a Gesehen am 17.08.11 | ||
| 655 | 7 | |a Zeitschrift |0 (DE-588)4067488-5 |0 (DE-627)10454466X |0 (DE-576)20917000X |2 gnd-content | |
| 776 | 1 | |x 0361-0918 | |
| 856 | 4 | 0 | |u https://ezb.ur.de/?1476872-0 |x Frontdoor-Url |7 1 |
| 856 | 4 | 0 | |u https://www.tandfonline.com/loi/lssp20 |x Verlag |7 1 |
| 856 | 4 | 0 | |u https://www.tib.eu/de/openurl/search?issn=0361-0918&eissn=1532-4141&DlicenseModel=nl |x Verlag; 11.1982 - 29.2000 |z Deutschlandweit zugänglich |7 1 |
| 912 | |a ZDB-1-TFO | ||
| 912 | |a ZDB-7-TFT | ||
| 936 | b | k | |a 31.73 |j Mathematische Statistik |0 (DE-627)106418998 |
| 951 | |a JT | ||
| ELC | |a 1 | ||
| LOK | |0 000 xxxxxcy a22 3n 4500 | ||
| LOK | |0 001 2806014492 | ||
| LOK | |0 003 DE-627 | ||
| LOK | |0 004 270131140 | ||
| LOK | |0 005 20240420083106 | ||
| LOK | |0 007 ccruuuuuuuuuuuu | ||
| LOK | |0 008 140705||||||||||||||||ger||||||| | ||
| LOK | |0 035 |a (DE-600)294088105 | ||
| LOK | |0 040 |a DE-21 |c DE-627 |d DE-21 | ||
| LOK | |0 092 |o k |p n | ||
| LOK | |0 093 |e Volltext online u. Druckausg. |f Nationallizenz |g Kostenpflichtig | ||
| LOK | |0 852 |a DE-21 | ||
| LOK | |0 852 1 |9 00 | ||
| LOK | |0 85640 |u https://ezb.ur.de/detail.phtml?bibid=UBTUE&jour_id=15200 |x EZB | ||
| LOK | |0 85900 |8 1.1 |a 11 |i 1982 | ||
| LOK | |0 85910 |8 1.2 |a 29 |i 2000 | ||
| LOK | |0 866 |x Nationallizenz | ||
| LOK | |0 86630 |a 11.1982 - 29.2000 | ||
| LOK | |0 935 |a cofz |a zezb | ||
| LOK | |0 938 |l Volltext online u. Druckausg. |8 0 | ||
| LOK | |0 938 |l Nationallizenz |8 1 | ||
| LOK | |0 938 |l Kostenpflichtig |8 2 | ||
| LOK | |0 939 |a 30-10-18 |b zez | ||
| LOK | |0 000 xxxxxcy a22 3n 4500 | ||
| LOK | |0 001 4466449597 | ||
| LOK | |0 003 DE-627 | ||
| LOK | |0 004 270131140 | ||
| LOK | |0 005 20250226193236 | ||
| LOK | |0 007 ccruuuuuuuuuuuu | ||
| LOK | |0 008 240123||||||||||||||||ger||||||| | ||
| LOK | |0 035 |a (DE-600)1054047499 | ||
| LOK | |0 040 |a DE-21 |c DE-627 |d DE-21 | ||
| LOK | |0 092 |o e | ||
| LOK | |0 093 |e Volltext online u. Druckausg. |f Einzellizenz |g Kostenpflichtig | ||
| LOK | |0 852 |a DE-21 | ||
| LOK | |0 852 1 |9 00 | ||
| LOK | |0 85640 |u https://ezb.ur.de/detail.phtml?bibid=UBTUE&jour_id=15200 |x EZB | ||
| LOK | |0 85901 |8 1.1 |a 26 |i 1997 | ||
| LOK | |0 866 |x Science & Technology Library | ||
| LOK | |0 86630 |a 26.1997,1 - | ||
| LOK | |0 912 |a tandf_sandt | ||
| LOK | |0 935 |a cofz |a zezb | ||
| LOK | |0 938 |l Volltext online u. Druckausg. |8 0 | ||
| LOK | |0 938 |l Einzellizenz |8 1 | ||
| LOK | |0 938 |l Kostenpflichtig |8 2 | ||
| LOK | |0 939 |a 13-01-24 |b zez | ||
| ORI | |a SA-MARC-krimdokb001.raw | ||
| SPR | |a 1 |t KRI | ||
